| 000 | 00629nam a22001937a 4500 | ||
|---|---|---|---|
| 005 | 20170324155501.0 | ||
| 010 | _aENG-117601 | ||
| 020 |
_a9788175418486 _c160.00 |
||
| 035 | _aEN-101133 | ||
| 037 | _bDBAD/PUB | ||
| 082 | _a488.0071 | ||
| 100 | _aSinha, A.K. | ||
| 245 |
_aElementry English teaching : _cby A. K. Sinha _ba source book for teacher educators / |
||
| 260 |
_aDelhi _bShipra Publication _c2016 |
||
| 270 |
_aLG 18-19, Pankaj Central Market, I.P. Ext. Patparganj _bDelhi _e110092 |
||
| 300 |
_aviii,208p.: _c21cm (pbk) _bill |
||
| 500 | _aIncludes references | ||
| 942 |
_2ddc _cEN _h488.0071 _mSIN |
||
| 999 |
_c138459 _d138459 |
||